Topological dynamics and applications : a volume in of Robert Ellis : proceedings of a conference in honor of the retirement of Robert Ellis, April 5-6, 1995, University of Minnesota

Αποθηκεύτηκε σε:
Λεπτομέρειες βιβλιογραφικής εγγραφής
Άλλοι συγγραφείς: Nerurkar, Mahesh G. 1952- (Επιμελητής έκδοσης), Dokken, D. (Douglas) 1950- (Επιμελητής έκδοσης), Ellis, David 1958- (Επιμελητής έκδοσης)
Μορφή: Βιβλίο
Γλώσσα:English
Δημοσίευση: Providence, R.I. : American Mathematical Society, c1998
Σειρά:Contemporary mathematics (American Mathematical Society) ; ; 215
Θέματα:
Ετικέτες: Προσθήκη ετικέτας
Δεν υπάρχουν, Καταχωρήστε ετικέτα πρώτοι!

MARC

LEADER 00000nam a2200000 i 4500
001 1/91485
008 991020s1998 eng d
020 |a 0-8218-0608-4 
035 |l 10053614 
040 |a GR-MY-UA  |b gre  |e aacr 
041 0 |a eng 
082 0 |a 514.322 
245 1 0 |a Topological dynamics and applications :  |b a volume in of Robert Ellis : proceedings of a conference in honor of the retirement of Robert Ellis, April 5-6, 1995, University of Minnesota /  |c M.G. Nerurkar, D.P. Dokken, D.B. Ellis, editors 
260 |a Providence, R.I. :   |b American Mathematical Society,   |c c1998 
300 |a ix, 334 p.;  |b ill.;  |c 26 cm. 
490 1 |a Contemporary mathematics  |v ; 215 
500 |a Includes bibliographical references 
650 0 0 |a Topological dynamics  |x Congresses. 
700 1 |a Ellis, Robert  |d 1926-  |4 hnr 
700 1 |a Nerurkar, Mahesh G.  |d 1952-  |4 edt 
700 1 |a Dokken, D.  |q (Douglas)  |d 1950-  |4 edt 
700 1 |a Ellis, David  |d 1958-  |4 edt 
830 0 |a Contemporary mathematics (American Mathematical Society) ;  |v ; 215 
852 |a INST  |b SAMOS  |e 19991020  |h 514.322 TOP  |p 005300012404  |q 005300012404  |t BK  |y 0 
901 |a BIBL3-1999-3 
909 |a Σ  |b 063396 
922 |a 3ΕΛΗ  |b 199907  |c ΕΠΕΑΕΚ/ΜΑΘ  |d ΠΑΠΑΣΩΤΗΡΙΟΥ 
970 |a ΠΟΥΡΝΑΡΑΣ  |b ΔΗΜΗΤΡΗΣ  |z 1999/10/20